Sports Quiz

Random Sports or Baseball Quiz

Most Used Position Players Under Scott Servais Quiz Stats

 Plays Quiz not verified by Sporcle

Support Sporcle.
Go Orange.
Score 0/15 Timer 10:00
0 Plays Today
Games Player % Correct
573Kyle Seager
98.3%
316Mitch Haniger
96.1%
391Robinson Cano
91.1%
258Dee Gordon
85.9%
454Nelson Cruz
85.1%
292Mike Zunino
84.4%
269Jean Segura
76.1%
205Daniel Vogelbach
68.7%
Games Player % Correct
134Mallex Smith
68.7%
137Seth Smith
64.1%
180Ryon Healy
44.4%
132Omar Narvaez
34.6%
262Ben Gamel
24.7%
293Guillermo Heredia
23.3%
177Leonys Martin
19.9%

You're not logged in!

Compare scores with friends on all Sporcle quizzes.
OR
Log In

From the Vault

Non-Solid Elements

by awesomeguy2204

This quiz is solid. Oh, no wait.
Remove Ads.
Support Sporcle.
Get the best of Sporcle when you Go Orange. This ad-free experience offers more features, more stats, and more fun while also helping to support Sporcle. Thank you for becoming a member.

Show Comments

Extras

Top Quizzes Today


Score Distribution

Your Account Isn't Verified!

In order to create a playlist on Sporcle, you need to verify the email address you used during registration. Go to your Sporcle Settings to finish the process.

Report this User

Report this user for behavior that violates our Community Guidelines.

Details: